Financovanie predškolského a základného vzdelávania v SR v konfrontácii s krajinami EÚ-27

Analýza súčasného systému financovania predškolského a základného vzdelávania. Príspevok sa zaoberá pozíciou Slovenska z hľadiska financovania predprimárneho a primárneho vzdelávania v konfrontácii s krajinami EÚ-27. Analýza bola uskutočnená na základe vynaložených finančných prostriedkov z hľadiska...

Description complète

Enregistré dans:
Détails bibliographiques
Auteur principal: Bartalosová, Erika, 1986-
Format: Chapitre de livre
Langue:slovaque
Sujets:
Tags: Ajouter un tag
Pas de tags, Soyez le premier à ajouter un tag!

MARC

LEADER 00000nla a2200000 4500
001 0180907
005 20240530124939.8
041 0 |a slo 
044 |a SK 
245 1 0 |a Financovanie predškolského a základného vzdelávania v SR v konfrontácii s krajinami EÚ-27  |c Erika Bartalosová 
520 |a Analýza súčasného systému financovania predškolského a základného vzdelávania. Príspevok sa zaoberá pozíciou Slovenska z hľadiska financovania predprimárneho a primárneho vzdelávania v konfrontácii s krajinami EÚ-27. Analýza bola uskutočnená na základe vynaložených finančných prostriedkov z hľadiska klasifikácie COFOG a ISCED, pričom sa poukazuje aj na pomer medzi verejnými a súkromnými zdrojmi na predprimárne vzdelávanie. 
610 2 0 |a vzdelávanie 
610 2 0 |a vzdelávanie primárne 
610 2 0 |a financovanie 
610 2 0 |a financovanie školstva 
610 2 0 |a Slovensko 
610 2 0 |a Európska únia 
100 1 |a Bartalosová, Erika, 1986-